Normal view
MARC view
- المنيزع،عبدالخميد نصر/محمد كمال العتر
Entry Personal Name
001 - CONTROL NUMBER
- control field: 9424
003 - CONTROL NUMBER IDENTIFIER
- control field: JO-AjAnu
005 - DATE AND TIME OF LATEST TRANSACTION
- control field: 20230606071821.0
008 - FIXED-LENGTH DATA ELEMENTS
- fixed length control field: 230606|| aca||aabn | a|a d
040 ## - CATALOGING SOURCE
- Original cataloging agency: JO-AjAnu
- Transcribing agency: JO-AjAnu
100 ## - HEADING--PERSONAL NAME
- Personal name: المنيزع،عبدالخميد نصر/محمد كمال العتر
670 ## - SOURCE DATA FOUND
- Source citation: Work cat.: (JO-AjAnu)4863: المنيزع،عبدالخميد نصر/محمد كمال العتر, author, التعاون:معالم رئيسية في قواعد وتنظيمات الاتجاه التعاوني